ألثقافة العربية فى مواجهة المستقبل : (رقم التسجيلة. 179019)

تفاصيل مارك
000 -LEADER
fixed length control field 01446namaa2200337 i 4500
003 - CONTROL NUMBER IDENTIFIER
control field EG-GICUC
005 - DATE AND TIME OF LATEST TRANSACTION
control field 20260314132146.0
008 - FIXED-LENGTH DATA ELEMENTS--GENERAL INFORMATION
fixed length control field 260314s1995 le ao||jr|||| 100 0 ara d
040 ## - CATALOGING SOURCE
Original cataloging agency EG-GiCUC
Language of cataloging ara
Transcribing agency EG-GiCUC
Modifying agency EG-GiCUC
Description conventions rda
043 ## - GEOGRAPHIC AREA CODE
Geographic area code ma-----
082 04 - DEWEY DECIMAL CLASSIFICATION NUMBER
Edition number 21
Classification number 306.089927
Item number M9922
092 04 - LOCALLY ASSIGNED DEWEY CALL NUMBER (OCLC)
Edition number 21
Classification number 306.089927
Item number M9922
099 ## - LOCAL FREE-TEXT CALL NUMBER (OCLC)
Classification number 306.089927 M9922 1995
100 1# - MAIN ENTRY--PERSONAL NAME
Relator term مؤلف.
111 ## - MAIN ENTRY--MEETING NAME
Meeting name or jurisdiction name as entry element مؤتمر الثقافى العربى
Location of meeting (بيروت :
Date of meeting or treaty signing 1995 :
Number of part/section/meeting الثانى)
245 12 - TITLE STATEMENT
Title ألثقافة العربية فى مواجهة المستقبل :
Remainder of title أعمال المؤتمر الثقافى العربى الثانى 14-16 كانون الاول 1995 /
Statement of responsibility, etc. إعداد فكتور الكك ؛ المجمع الثقافى العربى
250 ## - EDITION STATEMENT
Edition statement الطبعة الاولى
264 ## - PRODUCTION, PUBLICATION, DISTRIBUTION, MANUFACTURE, AND COPYRIGHT NOTICE
Place of production, publication, distribution, manufacture بيروت (لبنان) :
Name of producer, publisher, distributor, manufacturer المجمع الثقافى العربى،
Date of production, publication, distribution, manufacture, or copyright notice 1995.
300 ## - PHYSICAL DESCRIPTION
Extent 232 صفحة :
Other physical details إيضاحيات، صور ؛
Dimensions 24 سم
336 ## - CONTENT TYPE
Source rdacontent
Content type term text
337 ## - MEDIA TYPE
Source rdamedia
Media type term Unmediated
338 ## - CARRIER TYPE
Source rdacarrier
Carrier type term volume
504 ## - BIBLIOGRAPHY, ETC. NOTE
Bibliography, etc. note يشتمل على ارجاعات ببليوجرافية.
541 ## - IMMEDIATE SOURCE OF ACQUISITION NOTE
Source of acquisition د. جابر عصفور ؛
Address القاهرة ؛
Method of acquisition إهداء ؛
Date of acquisition 2024.
650 17 - SUBJECT ADDED ENTRY--TOPICAL TERM
Topical term or geographic name entry element الثقافة
Geographic subdivision العالم العربى
Source of heading or term qrmak
651 1# - SUBJECT ADDED ENTRY--GEOGRAPHIC NAME
Source of heading or term qrmak
700 1# - ADDED ENTRY--PERSONAL NAME
Personal name الكك، فيكتور
Relator term معد.
710 2# - ADDED ENTRY--CORPORATE NAME
Corporate name or jurisdiction name as entry element المجمع الثقافى العربى
905 ## - Cataloger and Reviser Names
Cataloger Name Aya Mohamed
942 ## - ADDED ENTRY ELEMENTS (KOHA)
Source of classification or shelving scheme Dewey Decimal Classification
Koha item type Books
Edition 21
Suppress in OPAC No
المقتنيات
Withdrawn status Lost status Source of classification or shelving scheme Damaged status Not for loan Home library Current library Date acquired Inventory number Total checkouts Full call number Barcode Date last seen Price effective from Koha item type
    Dewey Decimal Classification   Not for loan المكتبة المركزبة الجديدة - جامعة القاهرة قاعة المكتبات المهداة - الدور الرابع 14.03.2026 174187   306.089927 M9922 1995 J.U. 01000100174187000 14.03.2026 14.03.2026 Books
Cairo University Libraries Portal Implemented & Customized by: Eng. M. Mohamady Contacts: new-lib@cl.cu.edu.eg | cnul@cl.cu.edu.eg
CUCL logo CNUL logo
© All rights reserved — Cairo University Libraries
CUCL logo
Implemented & Customized by: Eng. M. Mohamady Contact: new-lib@cl.cu.edu.eg © All rights reserved — New Central Library
CNUL logo
Implemented & Customized by: Eng. M. Mohamady Contact: cnul@cl.cu.edu.eg © All rights reserved — Cairo National University Library